000 00620nam a22002297a 4500
999 _c379338
_d379338
001 93194
003 UA-OsUOA
005 20200213180542.0
007 ta
008 20130116b un ||||| |||| 00| 0 ukr d
040 _aUA-OsUOA
_brus
_cUA-OsUOA
_dUA-OsUOA
041 _arus
080 _a821.161.1
090 _a821.161.1
_bА92
100 _aАтаров Н. С.
245 _aИзбранные произведения
_bв 2-х т.
_n2
260 _aМ.
_bХудлит
_c1978
300 _a430 с.
650 7 _a82 Література. Літературознавство
_2UDC
942 _cBK
_2udc
955 _a3